000 00614nam a22001935i 4500
001 155732
003 ES-MaACL
005 20250716062630.0
008 010926s1829 fr |||| | fre d
040 _aCAM
_bspa
_cCAM
100 1 _aHugo, Victor,
_d1802-1885
_964627
245 1 4 _aLes orientales /
_cVictor Hugo.
260 _aParis :
_bJ. Hetzel :
_bMaison Quantin,
_c[1829?] (
_fLib.-Imp. réunies)
300 _a272 p. ;
_c18 cm.
490 1 _aOeuvres complètes de Victor Hugo
830 0 _aOeuvres complètes de Victor Hugo
_9187960
852 _aES-MaACL
_jG-3084
_z-- Enc. hol.
999 _c155732
_d155732